|
|
แสดงรายละเอียดบรรณานุกรม |
|
|
Brief Record
: Get Marc (ISO 2709)
: E-mail record
: |
| LEADER 00000nama 2200000uu 4500 | |||
| 008 040531s2002 th m m a000 0 tha d | |||
| 020 974-04-2652-2 | |||
| 041 eng | |||
| 050 The WD308 D13I | |||
| 100 Duangamol Wattradul. | |||
| 245 Improving Health Care For HIV/AIDS in Thailand : Learning frm those who suffer 500 | |||
| 260 Bangkok Mahidol University 2002. | |||
| 300 335 p. | |||
| 650 Aids | |||
| 998 2003-06-25 | |||
| 999 ^aใช้งานได้ทุกระบบ | |||
| คุณยังไม่ได้ล็อกอิน คุณสามารถมีกิจกรรมร่วมกับเว็บไซต์ได้ แต่ต้องล็อกอินก่อน :: |
|
| สถานะ | |||||||||
| 1. | หนังสือทั่วไป | The WD308 D13I 2002 | ถูกยืม กำหนดส่งวันที่ จอง | ||||||
| [แสดง 1/1 รายการ] | |||||||||
BibComment |
| คอมเมนท์ทรัพยากรรายการนี้ |
|
|